000 00397nam a22001577a 4500
003 MPLRDC
005 20220104142903.0
008 210129b ||||| |||| 00| 0 eng d
082 _a177.3 Lxa
100 _a罗茜
245 _a看透人心101招
_c
260 _a
_b大华出版事业服务有限公司
_c
300 _b
650 _a应用心理学--人际关系
942 _cBK
_o177.3 Lxa
999 _c34552
_d34542